"Genetic Algorithms for VLSI Design,Layout & Test Automation" (Record no. 37457)

MARC details
000 -LEADER
fixed length control field 00445nam a2200169Ia 4500
008 - FIXED-LENGTH DATA ELEMENTS--GENERAL INFORMATION
fixed length control field 230524s9999 xx 000 0 und d
082 ## - DEWEY DECIMAL CLASSIFICATION NUMBER
Classification number 510
Item number MAZ
100 ## - MAIN ENTRY--AUTHOR NAME
Personal name Pinaki Mazumder
245 #0 - TITLE STATEMENT
Title "Genetic Algorithms for VLSI Design,Layout & Test Automation"
250 ## - EDITION STATEMENT
Edition statement 6TH
260 ## - PUBLICATION, DISTRIBUTION, ETC. (IMPRINT)
Place of publication NEW DELHI
Name of publisher Pearson
Year of publication 2008
300 ## - PHYSICAL DESCRIPTION
Number of Pages XII;1315
500 ## - GENERAL NOTE
General note Quantity Number: 2
650 ## - SUBJECT ADDED ENTRY--TOPICAL TERM
Topical Term Comp-Sc
700 ## - ADDED ENTRY--PERSONAL NAME
Personal name Elizabeth M.Rudnick
942 ## - ADDED ENTRY ELEMENTS (KOHA)
Koha item type Books
Holdings
Lost status Damaged status Permanent Location Current Location Shelving location Date acquired Full call number Accession Number Koha item type
    Central Library, Trident Academy of Technology Central Library, Trident Academy of Technology General Stacks 05/24/2023 510 MAZ 18641 Books
    Central Library, Trident Academy of Technology Central Library, Trident Academy of Technology General Stacks 05/24/2023 510 MAZ 18642 Books
Trident Academy of Technology © 2023.
All rights reserved.                                                                                                                                                                                                        Designed by Team of Central Library .

Powered by Koha